| 000 | 00778nam a2200277Ia 4500 | ||
|---|---|---|---|
| 999 |
_c61 _d61 |
||
| 003 | OSt | ||
| 005 | 20230520115529.0 | ||
| 008 | 151016s9999 xx 000 0 und d | ||
| 020 | _a9.7816809412e+012 | ||
| 040 | _cLIC | ||
| 082 | _aDC 621.38422 | ||
| 082 | _bH236 | ||
| 245 | _aHandbook of algorithms for wireless Networking and Mobile Computing/ | ||
| 245 | _cEdited by S. G. Wildman | ||
| 260 | _aNew York | ||
| 260 | _bArcler Press LLC | ||
| 260 | _cc2015 | ||
| 300 | _avi, 330 pages; | ||
| 300 | _c25 cm. | ||
| 504 | _aIncludes index | ||
| 650 |
_aMobile Communication Systems _948394 |
||
| 650 |
_aMobile Computing _910591 |
||
| 650 |
_aWireless Communication Systems _xDesign and Construction _xMathematics _948395 |
||
| 942 |
_cBK _2ddc |
||
| 942 |
_aDDC _2ddc _cDC |
||